Database strategies using Informix XPS and DB2 Universal Database /

Saved in:
書目詳細資料
主要作者: Ballard, Chuck (Author)
企業作者: ebrary, Inc
格式: 電子 電子書
語言:英语
出版: [San Jose, Calif. : IBM Corp., International Technical Support Organization], c2005.
版:1st ed.
叢編:IBM redbooks.
主題:
在線閱讀:An electronic book accessible through the World Wide Web; click to view
標簽: 添加標簽
沒有標簽, 成為第一個標記此記錄!

MARC

LEADER 00000nam a2200000Ia 4500
001 0000082112
005 20171002054125.0
006 m u
007 cr cn|||||||||
008 051202s2005 caua sb 001 0 eng d
020 |z 0738493740 
035 |a (CaPaEBR)ebr10112396 
035 |a (OCoLC)80245493 
040 |a CaPaEBR  |c CaPaEBR 
050 1 4 |a QA76.9.D3  |b D38 2005eb 
245 0 0 |a Database strategies  |h [electronic resource] :  |b using Informix XPS and DB2 Universal Database /  |c Chuck Ballard ... [et al.]. 
250 |a 1st ed. 
260 |a [San Jose, Calif. :  |b IBM Corp., International Technical Support Organization],  |c c2005. 
300 |a xx, 457 p. :  |b ill. 
490 1 |a Redbooks 
500 |a "This edition applies to Version 8.2 of DB2 Universal Database (UDB) and Version 8.5 of Informix Extended Parallel Server (XPS)." 
500 |a "August 2005." 
504 |a Includes bibliographical references and index. 
533 |a Electronic reproduction.  |b Palo Alto, Calif. :  |c ebrary,  |d 2009.  |n Available via World Wide Web.  |n Access may be limited to ebrary affiliated libraries. 
630 0 0 |a IBM Database 2. 
650 0 |a Database management. 
650 0 |a Informix software. 
655 7 |a Electronic books.  |2 local 
700 1 |a Ballard, Chuck.  |4 aut 
710 2 |a ebrary, Inc. 
830 0 |a IBM redbooks. 
856 4 0 |u http://site.ebrary.com/lib/daystar/Doc?id=10112396  |z An electronic book accessible through the World Wide Web; click to view 
908 |a 170314 
942 0 0 |c EB 
999 |c 71270  |d 71270